| 000 | 00446nam a22001577a 4500 | ||
|---|---|---|---|
| 999 |
_c8504 _d8504 |
||
| 008 | 201128b ||||| |||| 00| 0 eng d | ||
| 040 | _aBMS College of Architecture | ||
| 100 | _aKhan, Saania | ||
| 245 | _aMental wellness centre | ||
| 300 | _aNA | ||
| 500 | _a1BM14AT083 | ||
| 502 |
_8B,Arch _NBMS College of Architecture, Visvesvaraya Technological University (VTU) _aProject report _d2018 |
||
| 650 | _aNA | ||
| 700 | _aNA | ||
| 942 |
_2ddc _cTHE |
||